<?xml version="1.0" encoding="UTF-8"?><?xml-stylesheet type="text/xsl" href="static/style.xsl"?><OAI-PMH xmlns="http://www.openarchives.org/OAI/2.0/" xmlns:xsi="http://www.w3.org/2001/XMLSchema-instance" xsi:schemaLocation="http://www.openarchives.org/OAI/2.0/ http://www.openarchives.org/OAI/2.0/OAI-PMH.xsd"><responseDate>2026-04-13T02:29:19Z</responseDate><request verb="GetRecord" identifier="oai:www.recercat.cat:10256/17664" metadataPrefix="marc">https://recercat.cat/oai/request</request><GetRecord><record><header><identifier>oai:recercat.cat:10256/17664</identifier><datestamp>2024-06-06T08:07:05Z</datestamp><setSpec>com_2072_452966</setSpec><setSpec>com_2072_2054</setSpec><setSpec>col_2072_452969</setSpec></header><metadata><record xmlns="http://www.loc.gov/MARC21/slim" xmlns:dcterms="http://purl.org/dc/terms/" xmlns:xsi="http://www.w3.org/2001/XMLSchema-instance" xmlns:doc="http://www.lyncode.com/xoai" xsi:schemaLocation="http://www.loc.gov/MARC21/slim http://www.loc.gov/standards/marcxml/schema/MARC21slim.xsd">
   <leader>00925njm 22002777a 4500</leader>
   <datafield ind2=" " ind1=" " tag="042">
      <subfield code="a">dc</subfield>
   </datafield>
   <datafield ind2=" " ind1=" " tag="720">
      <subfield code="a">Soler Renart, Anna</subfield>
      <subfield code="e">author</subfield>
   </datafield>
   <datafield ind2=" " ind1=" " tag="260">
      <subfield code="c">2019</subfield>
   </datafield>
   <datafield ind2=" " ind1=" " tag="520">
      <subfield code="a">Background: The burnout syndrome has negative consequences that influence&#xd;
the well-being of health care professionals as well as patients and healthcare&#xd;
institutions. The oncology unit becomes a high-risk space for developing the&#xd;
phenomenon due to the healthcare complexity for the oncological disease, the&#xd;
high risk of mortality and the high frequency of ethical dilemmas attributed.&#xd;
Objective: To know the prevalence of the burnout syndrome in the health care&#xd;
professionals of the oncological unit of the Catalan Institute of Oncology (ICO) of&#xd;
Girona stratifying it according to sociodemographic and occupation&#xd;
characteristics. Methodology: This is a descriptive observational study that is&#xd;
carried out in a transversal way in the unit of hospitalization of medicine in Girona&#xd;
through two questionnaires. One included sociodemographic and occupational&#xd;
variables and the other one was the Maslach Burnout Inventory (MBI) which has&#xd;
22 items to help the detection of the syndrome. The relationships between the&#xd;
variables were analysed in relation to the obtained scores and levels of burnout&#xd;
through statistical tests. The study was previously approved by the Ethical&#xd;
Committee for Clinical Research (CEIC) of the Josep Trueta’s University&#xd;
Hospital</subfield>
   </datafield>
   <datafield ind1="8" ind2=" " tag="024">
      <subfield code="a">http://hdl.handle.net/10256/17664</subfield>
   </datafield>
   <datafield tag="653" ind2=" " ind1=" ">
      <subfield code="a">Síndrome d'esgotament professional</subfield>
   </datafield>
   <datafield tag="653" ind2=" " ind1=" ">
      <subfield code="a">Burn out (Psychology)</subfield>
   </datafield>
   <datafield tag="653" ind2=" " ind1=" ">
      <subfield code="a">Oncologia</subfield>
   </datafield>
   <datafield tag="653" ind2=" " ind1=" ">
      <subfield code="a">Oncology</subfield>
   </datafield>
   <datafield tag="653" ind2=" " ind1=" ">
      <subfield code="a">Personal sanitari</subfield>
   </datafield>
   <datafield tag="653" ind2=" " ind1=" ">
      <subfield code="a">Public health personnel</subfield>
   </datafield>
   <datafield ind2="0" ind1="0" tag="245">
      <subfield code="a">Burnout: la síndrome de desgast professional a la unitat d'hospitalització oncològica</subfield>
   </datafield>
</record></metadata></record></GetRecord></OAI-PMH>